000 00924nam a2200325Ia 4500
001 7517
003 IT-RoPAU
008 130308s9999 xx 000 0 und d
040 _aIT-RoPAU
040 _cIT-RoPAU
041 _aFRANCESE
100 _aHecht Bernard
100 _gCodice Aut. SPICS: 10149
245 _aConsiderations theoriques et esthetiques sur la television
245 _bImage et la Couleur (L')-1-La Couleur En Question
250 _a1a ed.
260 _aPARIS
260 _bMinard
260 _c1965 [1° Ed.:1965 - Ed.Ling.Originale:]
300 _a"7 p. (prefazione: no ; testo: 7 [pagine: 89-96])"
500 _aTelevisione a Colori Considerazioni Teoriche ed Estetiche
650 _aTECNICA CINEMATOGRAFICA
650 _eCodice materia Spics: 6802
700 _aGarrec Jo
700 _gCodice Aut. SPICS: 10628
942 _cBK
957 _71
999 _c51458
_d51458
999 _bSI
999 _g1